Statistics for Most visited cities in the USA

Click here to take the quiz!

General Stats

  • This quiz has been taken 8,597 times
  • The average score is 7 of 10

Answer Stats

Number of Tourists City % Correct
47 millionNew York
99%
42.7 millionAnaheim
92%
38.1 millionMiami
86%
45.6 millionChicago
83%
48 millionOrlando
69%
36.3 millionLas Vegas
67%
31.1 millionHouston
59%
29.6 millionSan Diego
53%
35.4 millionAtlanta
51%
30.3 millionPhiladelphia
50%

Score Distribution

Percentile by Number Answered

Percent of People with Each Score

Your Score History

You have not taken this quiz